| 000 | 00354nam a2200133 a 4500 | ||
|---|---|---|---|
| 001 | 3986 | ||
| 003 | CDMR | ||
| 005 | 20130116135250.0 | ||
| 008 | 130130s1985||||||||||||||||||||||||||||d | ||
| 040 |
_aCDMR _bcat _cCPC GIRONA |
||
| 245 | 0 | _aAnuari estadÃstic de Catalunya 1984 | |
| 260 |
_c1985 _bConsorci d'Informació i Documentació de Catalunya |
||
| 942 | _cMON | ||
| 999 |
_c3986 _d3986 |
||